000 00604nam a2200193Ia 4500
005 20260114185851.0
008 008 260114s9999 xx 000 0 eng d
020 _a9780755639809
037 _aEBOOK
040 _aCRL
_beng
_cCRL
041 _aeng
_2eng
084 _qCRL
100 _aOlle T”rnquist
_9875373
245 0 _aIn Search of New Social Democracy Insights from the South ? Implications for the North
260 _bBloomsbury
_c2021
856 _uhttps://doi.org/10.5040/9780755639809?locatt=label:secondary_bloomsburyCollections
942 _cEBOOK
999 _c1474307
_d1474307